00840nam a2200229 i 4500001000300000245011700003260003300120300002900153490002300182504002500205650004000230650003100270650003300301650003300334700003800367830002300405040000800428041000700436080002800443008004100471856009800512bg00aBezpieczeństwo systemów komputerowych i telekomunikacyjnych :bpraca zbiorowa /cpod red. Andrzeja Grzywaka. aChorzów :b"SOTEL",c1999. a430 s. :brys. ;c24 cm.1 aOchrona Informacji aBibliogr. s.420-430. 9aSieć komputerowaxochronaxmetody 9aTransmisja danychxochrona 9aSzyfryxstosowaniextechnika 9aTelekomunikacjaxzagadnienia1 aGRZYWAK, Andrzejd(1931- ).eRed. aOchrona Informacji cBPK0 apl a004.7:004.056.5:621.391 s pl f |000 0 pol  uhttp://koha.tu.koszalin.pl/cgi-bin/koha/opac-detail.pl?biblionumber=36762yKatalog online BPK